Clubes españoles de primera y segunda división con un mapa - Estadísticas

Estadísticas generales
  • Esta prueba ha sido intentada 9.650 veces
    9.612 desde el último reinicio
  • La puntuación promedio es 34 de 42
Respuestas en el mapa
Las respuestas están codificadas por una escala verde-roja en el mapa de la prueba según el % correcto abajo.
 
Estadísticas de respuestas
Club % Correcto
F. C. Barcelona
99%
Real Madrid C. F.
99%
Sevilla F. C.
97%
Valencia C. F.
97%
Athletic Club
96%
Atlético de Madrid
96%
Real Betis Balompié
95%
R. C. D. Mallorca
92%
Girona F. C.
91%
U. D. Las Palmas
91%
Celta de Vigo
90%
Málaga C. F.
90%
Getafe C. F.
88%
Cádiz C. F.
87%
Real Sociedad
87%
Deportivo de La Coruña
86%
Real Zaragoza
86%
A. D. Ceuta F. C.
85%
Granada C. F.
85%
R. C. D. Espanyol
85%
Real Valladolid C. F.
84%
U. D. Almería
84%
Rayo Vallecano
83%
Villarreal C. F.
83%
Real Oviedo
81%
Córdoba C. F.
79%
Real Sporting de Gijón
79%
C. D. Leganés
78%
C. A. Osasuna
77%
Alavés
76%
Racing de Santander
76%
S. D. Huesca
75%
Albacete Balompié
74%
Levante U. D.
74%
C. D. Castellón
72%
Elche C. F.
69%
Burgos C. F.
67%
F. C. Andorra
65%
Real Sociedad B
65%
S. D. Eibar
60%
C. D. Mirandés
48%
Cultural Leonesa
45%
No se encontraron pruebas coincidentes
Distribución de puntuación
Porcentaje de gente con cada puntuación
Porcentaje por número respondido
Historial de tus puntuaciones
No has intentado esta prueba desde el último reinicio